[Event "II Torneo Jose' Raul Capablanca"]
[Site "Roma ITA"]
[Date "2009.07.11"]
[Round "3"]
[White "Russi, Roberto"]
[Black "Vannelli, Vittorio"]
[Result "0-1"]
[WhiteElo "1898"]
[BlackElo "1859"]
[PlyCount "60"]
[EventDate "2009.07.10"]

1. c4 g6 2. Nc3 Bg7 3. g3 f5 4. d4 Nf6 5. Bg2 c5 6. d5 d6 7. Nh3 Na6 8. O-O Nc7
9. Bg5 Bd7 10. a4 O-O 11. Qc2 a6 12. a5 Qe8 13. Na4 Bxa4 14. Rxa4 Ne4 15. b3 e6
16. Rd1 exd5 17. Bxe4 fxe4 18. cxd5 Qd7 19. Kg2 Rae8 20. Rxe4 Qf5 21. Rc4 Qe5
22. Bf4 Qh5 23. Bxd6 Rxe2 24. Rd2 Qf3+ 25. Kf1 Qh1+ 26. Kxe2 Re8+ 27. Re4 Rxe4+
28. Qxe4 Qxe4+ 29. Kd1 Nxd5 30. Bxc5 Nc3+ 0-1

[Event "II Torneo Jose' Raul Capablanca"]
[Site "Roma ITA"]
[Date "2009.07.12"]
[Round "4"]
[White "Fischer, Marc"]
[Black "Chiaretti, Roberto"]
[Result "1-0"]
[WhiteElo "2224"]
[BlackElo "2195"]
[PlyCount "23"]
[EventDate "2009.07.10"]

1. d4 d5 2. Nf3 Nf6 3. c4 dxc4 4. Na3 e6 5. Nxc4 b5 6. Nce5 Bb7 7. e3 a6 8. a4
Qd5 9. Bd3 Be7 10. Qe2 b4 11. Bc4 Qe4 12. Nxf7 1-0

[Event "II Torneo Jose' Raul Capablanca"]
[Site "Roma ITA"]
[Date "2009.07.12"]
[Round "4"]
[White "Marta, Daniele"]
[Black "Nass, Emile"]
[Result "1-0"]
[WhiteElo "2023"]
[BlackElo "2186"]
[PlyCount "60"]
[EventDate "2009.07.10"]

1. c4 Nf6 2. Nc3 c6 3. Nf3 d5 4. e3 g6 5. Be2 Bg7 6. O-O O-O 7. d4 b6 8. cxd5
Nxd5 9. Qb3 Be6 10. Ng5 Nxc3 11. Qxc3 Bf5 12. Rd1 e5 13. Nf3 e4 14. Ne5 c5 15.
Qa3 Qc7 16. Bd2 cxd4 17. exd4 Rc8 18. Rac1 Qd8 19. Rxc8 Bxc8 20. Bc4 Bxe5 21.
dxe5 Bg4 22. e6 fxe6 23. h3 b5 24. Bb3 b4 25. Qxb4 Nc6 26. Qxe4 Bxd1 27. Qxe6+
Kg7 28. Bc3+ Nd4 29. Bd5 Kh6 30. Qe3+ g5 1-0

[Event "II Torneo Jose' Raul Capablanca"]
[Site "Roma ITA"]
[Date "2009.07.12"]
[Round "4"]
[White "Napoli, Nicolo'"]
[Black "Profumo, Alberto"]
[Result "1-0"]
[WhiteElo "2368"]
[BlackElo "2234"]
[PlyCount "96"]
[EventDate "2009.07.10"]

1. d4 Nf6 2. Nc3 d5 3. Bg5 Bf5 4. Bxf6 gxf6 5. e3 e6 6. g4 Bg6 7. Nf3 Bb4 8.
Nh4 f5 9. Nxg6 hxg6 10. gxf5 exf5 11. Qd3 c6 12. a3 Bd6 13. h3 Nd7 14. O-O-O
Qe7 15. Kb1 O-O-O 16. Na2 Kb8 17. Rg1 Nf6 18. Qe2 f4 19. Rd3 Rde8 20. Qf3 Rh4
21. Rb3 Ka8 22. c4 Qe4+ 23. Qxe4 Nxe4 24. Kc2 Nxf2 25. cxd5 cxd5 26. exf4 Rxf4
27. Nc3 Rc8 28. Bg2 Ne4 29. Kd3 f5 30. Nxd5 Rh4 31. Re1 Bg3 32. Re2 Nf2+ 33.
Ke3 Re8+ 34. Kf3 Rxe2 35. Kxe2 Ne4 36. Ne7 Rf4 37. Bf3 Rh4 38. Nxg6 Rxh3 39.
Bxe4 fxe4 40. Kf1 Rh1+ 41. Kg2 Rd1 42. Rxg3 Rxd4 43. Kf1 a5 44. Ke2 Ka7 45. Nf4
b5 46. Rg7+ Kb6 47. Rg6+ Kb7 48. Ke3 Rd1 1-0

[Event "II Torneo Jose' Raul Capablanca"]
[Site "Roma ITA"]
[Date "2009.07.12"]
[Round "4"]
[White "Passerotti, Pierluigi"]
[Black "Foglia, Maurizio"]
[Result "1-0"]
[WhiteElo "2302"]
[BlackElo "2140"]
[PlyCount "95"]
[EventDate "2009.07.10"]

1. e4 Nf6 2. e5 Nd5 3. d4 d6 4. c4 Nb6 5. exd6 cxd6 6. Nf3 g6 7. Be2 Bg7 8. Nc3
O-O 9. O-O Bg4 10. Be3 Nc6 11. b3 d5 12. c5 Nc8 13. h3 Bxf3 14. Bxf3 e6 15. b4
a6 16. Qd2 N8e7 17. Ne2 e5 18. dxe5 Nxe5 19. Rad1 Nxf3+ 20. gxf3 Qd7 21. Nf4
Rad8 22. Bd4 Bxd4 23. Qxd4 Qf5 24. Kg2 Qg5+ 25. Kh1 Nc6 26. Qd2 d4 27. Rg1 Qf5
28. Rg3 Ne5 29. Kg2 d3 30. Qe3 Rfe8 31. Qe4 Qxe4 32. fxe4 d2 33. Nd5 Kg7 34.
Rxd2 Nc4 35. Rd4 Ne5 36. Re3 Nc6 37. Rdd3 Ne5 38. Rc3 g5 39. a4 Ng6 40. Kg3 h5
41. b5 h4+ 42. Kh2 axb5 43. axb5 Ne7 44. c6 bxc6 45. bxc6 Nc8 46. Kg2 Rd6 47.
Rc4 Rde6 48. Nc7 1-0

[Event "II Torneo Jose' Raul Capablanca"]
[Site "Roma ITA"]
[Date "2009.07.12"]
[Round "4"]
[White "Seyfried, Claus"]
[Black "Ferretti, Folco"]
[Result "0-1"]
[WhiteElo "1965"]
[BlackElo "2313"]
[PlyCount "78"]
[EventDate "2009.07.10"]

1. e4 d6 2. d4 Nf6 3. Nc3 e5 4. Nf3 Nbd7 5. Bc4 Be7 6. O-O O-O 7. Qe2 c6 8. a4
a5 9. h3 exd4 10. Nxd4 Nc5 11. Rd1 Qc7 12. Bf4 Be6 13. Nxe6 fxe6 14. Bg3 Qb6
15. e5 dxe5 16. Bxe5 Nd5 17. Bd4 Bf6 18. Bxc5 Qxc5 19. Ne4 Qb6 20. c3 Be7 21.
Rd2 Rae8 22. g3 Kh8 23. Kg2 Rf5 24. Rf1 Re5 25. Qg4 Rf8 26. h4 g6 27. Re2 Ref5
28. Kg1 e5 29. Ng5 Bxg5 30. hxg5 Qd8 31. Rd2 Rxg5 32. Qe6 Rf6 33. Qh3 e4 34.
Qh4 Re5 35. Rfd1 Qb6 36. Qh2 e3 37. Re2 exf2+ 38. Rxf2 Rh5 39. Qg2 Rxf2 0-1

[Event "II Torneo Jose' Raul Capablanca"]
[Site "Roma ITA"]
[Date "2009.07.12"]
[Round "4"]
[White "Vannelli, Vittorio"]
[Black "Minikh, Edouard"]
[Result "0-1"]
[WhiteElo "1859"]
[BlackElo "2086"]
[PlyCount "64"]
[EventDate "2009.07.10"]

1. e4 d6 2. d4 Nf6 3. Nc3 g6 4. Bc4 c6 5. Qe2 b5 6. Bd3 b4 7. Nb1 Bg7 8. Nd2
O-O 9. c3 c5 10. Ngf3 Bb7 11. cxb4 cxb4 12. b3 a5 13. Bb2 a4 14. bxa4 Rxa4 15.
O-O Nfd7 16. Rfc1 Ra7 17. e5 Nb6 18. Ne4 Na6 19. a3 b3 20. Nc3 Nc7 21. exd6
exd6 22. Qd1 Ne6 23. Nb5 Ra8 24. Qxb3 Bxf3 25. gxf3 Na4 26. Kh1 Nxb2 27. Qxb2
Rb8 28. Rab1 Nxd4 29. Qb4 Be5 30. f4 Bxf4 31. Qxd4 Qh4 32. h3 Qxh3+ 0-1

[Event "VIII Open A"]
[Site "Bergamo ITA"]
[Date "2009.07.17"]
[Round "1"]
[White "Aghayev, Miragha"]
[Black "Lazic, Miroljub"]
[Result "0-1"]
[WhiteElo "2106"]
[BlackElo "2454"]
[PlyCount "66"]
[EventDate "2009.07.17"]

1. e4 d6 2. d4 Nf6 3. Nc3 c6 4. f4 Qa5 5. Bd3 d5 6. e5 Ne4 7. Nge2 f5 8. O-O e6
9. Bxe4 dxe4 10. Be3 Nd7 11. g4 Nb6 12. b3 Ba3 13. Bc1 Bxc1 14. Qxc1 O-O 15.
Nd1 fxg4 16. Qe3 Bd7 17. c4 Nc8 18. Qxe4 Ne7 19. Ne3 Be8 20. Nxg4 Bg6 21. Qf3
Rad8 22. Rfd1 Bc2 23. Rdc1 Qd2 24. Re1 Nf5 25. Nf2 Nxd4 26. Nxd4 Qxd4 27. Qg4
Rxf4 28. Qxe6+ Kh8 29. Rf1 Rxf2 30. Rxf2 Qxa1+ 31. Kg2 Be4+ 32. Kh3 Qc3+ 33.
Kh4 h6 0-1

[Event "VIII Open A"]
[Site "Bergamo ITA"]
[Date "2009.07.17"]
[Round "1"]
[White "Astengo, Marcello"]
[Black "Bojkov, Dejan"]
[Result "0-1"]
[WhiteElo "2117"]
[BlackElo "2521"]
[PlyCount "60"]
[EventDate "2009.07.17"]

1. d4 Nf6 2. c4 g6 3. Nc3 Bg7 4. e4 d6 5. f3 O-O 6. Be3 c5 7. dxc5 dxc5 8. Bxc5
Nc6 9. Qxd8 Rxd8 10. Nd5 Nd7 11. Ba3 e6 12. Nc7 Rb8 13. Nb5 a6 14. Nd6 Nd4 15.
O-O-O b5 16. cxb5 axb5 17. Bb4 Ba6 18. Ne2 Nc6 19. Be1 Nc5 20. Nc3 b4 21. Nb1
Nd4 22. Nc4 Rbc8 23. Nbd2 b3 24. a3 Na4 25. Kb1 Nxf3 26. gxf3 Bxc4 27. Bxc4
Rxc4 28. Rc1 Rxc1+ 29. Kxc1 Bxb2+ 30. Kb1 Bc3 0-1

[Event "VIII Open A"]
[Site "Bergamo ITA"]
[Date "2009.07.17"]
[Round "1"]
[White "Borsos, Bogdan"]
[Black "Cardani, Roberto"]
[Result "1-0"]
[WhiteElo "2289"]
[BlackElo "1950"]
[PlyCount "51"]
[EventDate "2009.07.17"]

1. e4 c5 2. c3 Nf6 3. e5 Nd5 4. d4 cxd4 5. Nf3 e6 6. cxd4 d6 7. Bc4 Nc6 8. O-O
Be7 9. Qe2 O-O 10. Re1 Qc7 11. Nc3 Nxc3 12. bxc3 dxe5 13. dxe5 Rd8 14. Bd3 g6
15. h4 Bd7 16. Bg5 Be8 17. Rad1 Rac8 18. Qe3 Bxg5 19. Qxg5 Qe7 20. Qf4 Na5 21.
Ng5 h5 22. Ne4 Kg7 23. Be2 Bc6 24. Nf6 Rxd1 25. Rxd1 a6 26. Qg5 1-0

[Event "VIII Open A"]
[Site "Bergamo ITA"]
[Date "2009.07.17"]
[Round "1"]
[White "Bove, Alessandro"]
[Black "Seyfried, Claus"]
[Result "1/2-1/2"]
[WhiteElo "2305"]
[BlackElo "1965"]
[PlyCount "65"]
[EventDate "2009.07.17"]

1. e4 e5 2. f4 exf4 3. d4 Qh4+ 4. Ke2 d5 5. exd5 Nf6 6. Nf3 Bg4 7. c4 c6 8. Qe1
Qxe1+ 9. Kxe1 Bb4+ 10. Nc3 cxd5 11. Bxf4 O-O 12. Ne5 Be6 13. c5 Ne4 14. Bd2
Nxd2 15. Kxd2 Nc6 16. Nxc6 bxc6 17. Bd3 Rfe8 18. Rhe1 Ba5 19. h3 Rab8 20. Rab1
Rb4 21. Ke3 g6 22. a3 Bf5+ 23. Kf3 Rxe1 24. axb4 Rxb1 25. Bxb1 Bxb4 26. Bxf5
Bxc3 27. Bd7 Bxd4 28. Bxc6 Bxc5 29. Bxd5 Kf8 30. g4 f6 31. b3 Ke7 32. Ke4 Kd6
33. Bg8 1/2-1/2

[Event "VIII Open A"]
[Site "Bergamo ITA"]
[Date "2009.07.17"]
[Round "1"]
[White "De Palma, Fabrizio"]
[Black "Rombaldoni, Axel"]
[Result "0-1"]
[WhiteElo "2054"]
[BlackElo "2425"]
[PlyCount "70"]
[EventDate "2009.07.17"]

1. e4 c5 2. d4 cxd4 3. c3 Nf6 4. e5 Nd5 5. Nf3 Nc6 6. cxd4 d6 7. Bc4 Nb6 8. Bb5
d5 9. Nc3 Bg4 10. h3 Bxf3 11. gxf3 e6 12. Be3 Rc8 13. a3 a6 14. Bd3 Na5 15. Na4
Nbc4 16. b4 Nxe3 17. fxe3 Nc4 18. Ke2 b6 19. Bxc4 dxc4 20. Nc3 b5 21. Ne4 Be7
22. Rg1 O-O 23. Qc2 f5 24. Nc5 Bxc5 25. dxc5 Qh4 26. Qd1 Rcd8 27. Qf1 c3 28. f4
Rd2+ 29. Kf3 Qh5+ 30. Kg3 g5 31. Rg2 Rfd8 32. Ra2 Kh8 33. Re2 gxf4+ 34. Qxf4
Rg8+ 35. Kh2 Qxe2+ 0-1

[Event "VIII Open A"]
[Site "Bergamo ITA"]
[Date "2009.07.17"]
[Round "1"]
[White "Di Lascio, Savino"]
[Black "Gatterer, Florian"]
[Result "0-1"]
[WhiteElo "2012"]
[BlackElo "2323"]
[PlyCount "76"]
[EventDate "2009.07.17"]

1. e4 c6 2. Nf3 d5 3. e5 c5 4. g3 Nc6 5. Bg2 Bg4 6. h3 Bxf3 7. Qxf3 e6 8. Qe2
Qc7 9. f4 Nge7 10. c3 Nf5 11. Qf2 Be7 12. Na3 h5 13. h4 c4 14. b4 a5 15. Nb5
Qd7 16. a4 axb4 17. Bh3 g6 18. Bxf5 gxf5 19. Qb6 O-O 20. Qe3 Kh7 21. Bb2 Rg8
22. Ke2 Rg4 23. Rhg1 Ra6 24. Kf3 b6 25. cxb4 Bxb4 26. Rgb1 Rg8 27. Bd4 Nxd4+
28. Qxd4 Bc5 29. Qc3 Qc6 30. Nd4 Bxd4 31. Qxd4 Rga8 32. Rb5 Rxa4 33. Rab1 Ra3+
34. Kf2 Rd3 35. Qb2 d4 36. Rxb6 Qf3+ 37. Ke1 Qxg3+ 38. Kd1 c3 0-1

[Event "VIII Open A"]
[Site "Bergamo ITA"]
[Date "2009.07.17"]
[Round "1"]
[White "Drei, Andrea"]
[Black "Vishanji, Adrian"]
[Result "1-0"]
[WhiteElo "2257"]
[BlackElo "1941"]
[PlyCount "37"]
[EventDate "2009.07.17"]

1. e4 e5 2. Nc3 Nf6 3. Nf3 d6 4. d4 exd4 5. Nxd4 Be7 6. Bf4 O-O 7. Qd2 Re8 8.
O-O-O Nc6 9. f3 Bd7 10. Nf5 Bxf5 11. exf5 a6 12. g4 Bf8 13. g5 Nd7 14. g6 hxg6
15. fxg6 fxg6 16. Bc4+ Kh7 17. h4 Nf6 18. h5 Nxh5 19. Qd5 1-0

[Event "VIII Open A"]
[Site "Bergamo ITA"]
[Date "2009.07.17"]
[Round "1"]
[White "Fischer, Marc"]
[Black "Regorda, Massimiliano"]
[Result "1/2-1/2"]
[WhiteElo "2224"]
[BlackElo "1920"]
[PlyCount "43"]
[EventDate "2009.07.17"]

1. d4 d5 2. Nf3 e6 3. c4 Nf6 4. g3 dxc4 5. Qa4+ Bd7 6. Qxc4 b5 7. Qc2 c5 8.
dxc5 Qc7 9. Bf4 Qxc5 10. Qxc5 Bxc5 11. Bg2 Nc6 12. O-O Rc8 13. Nc3 a6 14. Rac1
Bb4 15. Bg5 O-O 16. Rfd1 Rfd8 17. a3 Be7 18. e4 h6 19. Be3 Be8 20. Nd2 Ne5 21.
Rc2 Nfg4 22. Bb6 1/2-1/2

[Event "VIII Open A"]
[Site "Bergamo ITA"]
[Date "2009.07.17"]
[Round "1"]
[White "Giannetta, Paolo"]
[Black "Stips, Felix"]
[Result "1/2-1/2"]
[WhiteElo "1930"]
[BlackElo "2240"]
[PlyCount "80"]
[EventDate "2009.07.17"]

1. Nf3 d5 2. b3 Bf5 3. Bb2 e6 4. g3 Nf6 5. Bg2 Bd6 6. O-O O-O 7. c4 c6 8. d3
Nbd7 9. Nc3 e5 10. cxd5 cxd5 11. e4 Be6 12. exd5 Nxd5 13. Ne4 Bc7 14. d4 Bg4
15. h3 Bh5 16. g4 Bg6 17. Nxe5 Nxe5 18. dxe5 Nf4 19. Qf3 Nxg2 20. Kxg2 Qe7 21.
Rfe1 Bxe5 22. Ng3 f6 23. Bxe5 fxe5 24. Qd5+ Kh8 25. Qxe5 Qf7 26. Nf5 Bxf5 27.
Qxf5 Qxf5 28. gxf5 Rxf5 29. Re7 Raf8 30. Rxb7 Rxf2+ 31. Kg1 a6 32. Rb6 a5 33.
Rb5 a4 34. bxa4 R2f3 35. Rb3 R3f4 36. a3 h5 37. Rb5 h4 38. Rb4 g5 39. Rab1 Rf3
40. R4b3 Kg7 1/2-1/2

[Event "VIII Open A"]
[Site "Bergamo ITA"]
[Date "2009.07.17"]
[Round "1"]
[White "Kimbin, Richard Conrod"]
[Black "Guerra, Alessandro"]
[Result "0-1"]
[WhiteElo "1907"]
[BlackElo "2198"]
[PlyCount "86"]
[EventDate "2009.07.17"]

1. Nf3 Nf6 2. g3 c5 3. d3 d5 4. Bg2 Nc6 5. Nbd2 e5 6. e4 Be7 7. O-O O-O 8. Re1
d4 9. Nh4 Bg4 10. f3 Be6 11. Nf5 Bxf5 12. exf5 Nd5 13. Nc4 Bf6 14. a4 Nb6 15.
Nd2 Ne7 16. Ne4 Nxf5 17. Nxc5 Nd5 18. Bh3 Nfe3 19. Bxe3 Nxe3 20. Qe2 Re8 21. c4
Be7 22. Ne4 f5 23. Nf2 Qb6 24. Nd1 f4 25. Nxe3 dxe3 26. Bf5 Bb4 27. Rec1 Rad8
28. Be4 Rd4 29. Bd5+ Kh8 30. Kg2 Bd2 31. Rcb1 Qb3 32. Be4 Red8 33. Kf1 b6 34.
Ra3 Qb4 35. Qd1 Qd6 36. Ke2 Bb4 37. Raa1 Qh6 38. Qh1 Rxe4 39. fxe4 Qh5+ 40. g4
f3+ 41. Kd1 Qxg4 42. Kc2 f2 43. Qf1 Qf3 0-1

[Event "VIII Open A"]
[Site "Bergamo ITA"]
[Date "2009.07.17"]
[Round "1"]
[White "Lalic, Bogdan"]
[Black "Piantoni, Roberto"]
[Result "1/2-1/2"]
[WhiteElo "2517"]
[BlackElo "2111"]
[PlyCount "57"]
[EventDate "2009.07.17"]

1. Nf3 d5 2. c4 e6 3. g3 Nf6 4. Bg2 c6 5. Qc2 Nbd7 6. d4 Bd6 7. O-O O-O 8. Nbd2
Re8 9. Rd1 Qe7 10. e4 dxe4 11. Nxe4 Nxe4 12. Qxe4 e5 13. Bg5 f6 14. Be3 exd4
15. Qxe7 Bxe7 16. Bxd4 Nb6 17. b3 Ba3 18. Bc3 Bg4 19. h3 Bh5 20. g4 Bg6 21. Nh4
Rad8 22. Nxg6 hxg6 23. Bf1 Kf7 24. Ba5 Rd7 25. b4 Bb2 26. Rxd7+ Nxd7 27. Rd1
Ne5 28. c5 g5 29. Kg2 1/2-1/2

[Event "VIII Open A"]
[Site "Bergamo ITA"]
[Date "2009.07.17"]
[Round "1"]
[White "Locci, Damiano"]
[Black "Epishin, Vladimir V."]
[Result "0-1"]
[WhiteElo "2119"]
[BlackElo "2592"]
[PlyCount "68"]
[EventDate "2009.07.17"]

1. c4 b6 2. Nf3 Bb7 3. Nc3 e6 4. d4 Bb4 5. Qc2 f5 6. d5 Nf6 7. Bd2 O-O 8. O-O-O
Na6 9. a3 Bxc3 10. Bxc3 exd5 11. e3 Nc5 12. cxd5 Nxd5 13. Bc4 c6 14. Nd4 Ne4
15. Nxf5 Nexc3 16. bxc3 Kh8 17. Nd6 Qc7 18. Nxb7 Qxb7 19. Rd4 Nf6 20. Rh4 d5
21. Bd3 Qe7 22. Bg6 h6 23. Kb2 Nd7 24. Rf4 Ne5 25. Bd3 b5 26. Ka2 a5 27. Rb1
Nxd3 28. Qxd3 Rxf4 29. exf4 b4 30. g4 Qc5 31. Qe3 Qc4+ 32. Kb2 bxc3+ 33. Kc1 d4
34. Qf3 Re8 0-1

[Event "VIII Open A"]
[Site "Bergamo ITA"]
[Date "2009.07.17"]
[Round "1"]
[White "Lossin, Sven-Hendrik"]
[Black "Arnaudov, G. Petar"]
[Result "0-1"]
[WhiteElo "2091"]
[BlackElo "2443"]
[PlyCount "76"]
[EventDate "2009.07.17"]

1. d4 Nf6 2. c4 Nc6 3. Nf3 e6 4. g3 d5 5. Bg2 dxc4 6. Qa4 Bb4+ 7. Bd2 Nd5 8.
Bxb4 Ndxb4 9. O-O Rb8 10. Nc3 a6 11. Ne5 O-O 12. Nxc6 Nxc6 13. Bxc6 bxc6 14.
Qxc4 Qd6 15. Ne4 Qd5 16. Qxd5 exd5 17. Nc5 Rxb2 18. e3 Bf5 19. Rfc1 a5 20. Nb3
a4 21. Na5 Be4 22. Nxc6 a3 23. Ne7+ Kh8 24. Rxc7 Rfb8 25. Rac1 Rb1 26. Nc8 h6
27. Nd6 Rxc1+ 28. Rxc1 Bb1 29. Kg2 f6 30. g4 Rb6 31. h4 Kh7 32. h5 Bxa2 33. Ne8
Bc4 34. Rc3 Rb3 35. Rc2 Rb8 36. Nd6 a2 37. Nxc4 a1=Q 38. Nd6 Qd1 0-1

[Event "VIII Open A"]
[Site "Bergamo ITA"]
[Date "2009.07.17"]
[Round "1"]
[White "Martinez, Rolly"]
[Black "D'Alessio, Angelo"]
[Result "1-0"]
[WhiteElo "2418"]
[BlackElo "2044"]
[PlyCount "75"]
[EventDate "2009.07.17"]

1. e4 e5 2. Bc4 c6 3. Nf3 d5 4. Bb3 Bg4 5. h3 Bxf3 6. Qxf3 Nf6 7. Nc3 Bb4 8.
exd5 O-O 9. dxc6 Nxc6 10. Nd5 Nxd5 11. Qxd5 Qf6 12. c3 Rfd8 13. Qf3 Qxf3 14.
gxf3 Bc5 15. Ke2 Kf8 16. d3 Rd6 17. Be3 Bxe3 18. fxe3 f5 19. Rag1 Rad8 20. Bc2
b5 21. Rg5 g6 22. h4 Kg7 23. Rhg1 Ne7 24. Rd1 h6 25. Rgg1 Nd5 26. d4 Kf6 27.
Bb3 Nb6 28. dxe5+ Kxe5 29. Rd4 Nc4 30. Rgd1 g5 31. hxg5 hxg5 32. Bxc4 bxc4 33.
f4+ gxf4 34. exf4+ Ke6 35. Rxd6+ Rxd6 36. Rxd6+ Kxd6 37. b4 Kc6 38. a4 1-0

[Event "VIII Open A"]
[Site "Bergamo ITA"]
[Date "2009.07.17"]
[Round "1"]
[White "Molina, Fabrizio"]
[Black "Cornaggia, Ranieri"]
[Result "1-0"]
[WhiteElo "2245"]
[BlackElo "1933"]
[PlyCount "59"]
[EventDate "2009.07.17"]

1. Nf3 Nf6 2. c4 g6 3. Nc3 Bg7 4. d4 O-O 5. Bg5 d6 6. e3 Nbd7 7. Be2 c5 8. d5
h6 9. Bh4 Nh7 10. Qc2 g5 11. Bd3 Nhf6 12. Bg3 a6 13. Rd1 Ne8 14. O-O Ne5 15.
Nxe5 dxe5 16. f4 exf4 17. exf4 Bd4+ 18. Kh1 Bg4 19. Rde1 Nd6 20. h3 Bh5 21.
fxg5 hxg5 22. Be5 Bxe5 23. Rxe5 f6 24. Re3 Kg7 25. Rfe1 Re8 26. g4 Bf7 27. Qe2
Kf8 28. Bc2 b5 29. b3 Rb8 30. Qd3 1-0

[Event "VIII Open A"]
[Site "Bergamo ITA"]
[Date "2009.07.17"]
[Round "1"]
[White "Pinto, Antonio"]
[Black "Mola, Pietro"]
[Result "0-1"]
[WhiteElo "1935"]
[BlackElo "2255"]
[PlyCount "76"]
[EventDate "2009.07.17"]

1. e4 c5 2. Nf3 d6 3. d4 cxd4 4. Nxd4 Nf6 5. Nc3 a6 6. Bc4 e6 7. Bb3 b5 8. f3
Be7 9. Be3 O-O 10. Qd2 b4 11. Na4 d5 12. e5 Nfd7 13. f4 Bb7 14. O-O Nc6 15. Nf3
Rc8 16. Rad1 Qc7 17. Qf2 Na5 18. Nb6 Nxb6 19. Bxb6 Qxb6 20. Qxb6 Bc5+ 21. Qxc5
Rxc5 22. Nd4 Nc4 23. Bxc4 dxc4 24. c3 bxc3 25. bxc3 Be4 26. Rf2 Rb8 27. g4 g6
28. h4 Ra5 29. Re1 Bd5 30. f5 gxf5 31. gxf5 Kh8 32. fxe6 fxe6 33. Rf6 Rg8+ 34.
Kf1 Rxa2 35. Nxe6 Bxe6 36. Rxe6 Rgg2 37. Rf6 Rh2 38. Rf4 Rh1# 0-1

[Event "VIII Open A"]
[Site "Bergamo ITA"]
[Date "2009.07.17"]
[Round "1"]
[White "Rusev, Krasimir"]
[Black "Tiengo, Davide"]
[Result "1-0"]
[WhiteElo "2543"]
[BlackElo "2118"]
[PlyCount "59"]
[EventDate "2009.07.17"]

1. d4 Nf6 2. Bg5 h6 3. Bxf6 exf6 4. e3 g6 5. c4 Bg7 6. Nc3 O-O 7. g3 d6 8. Bg2
Nc6 9. Nge2 Rb8 10. O-O f5 11. Rc1 Bd7 12. Nd5 Ne7 13. b4 Nxd5 14. cxd5 Bb5 15.
Rc3 Re8 16. Re1 Bxe2 17. Rxe2 Re7 18. Rec2 h5 19. h4 Rc8 20. Rc1 a6 21. Qa4 Ra8
22. Qb3 Bf6 23. a4 f4 24. gxf4 Bxh4 25. Qc2 Rc8 26. f5 Kg7 27. Bh3 Rd7 28. f4
Qe7 29. fxg6 fxg6 30. Bxd7 1-0

[Event "VIII Open A"]
[Site "Bergamo ITA"]
[Date "2009.07.17"]
[Round "1"]
[White "Sumets, Andrey"]
[Black "Pedini, Dario"]
[Result "1-0"]
[WhiteElo "2595"]
[BlackElo "2164"]
[PlyCount "61"]
[EventDate "2009.07.17"]

1. d4 d5 2. c4 e6 3. Nf3 f5 4. Nc3 Nf6 5. Bf4 c6 6. e3 Be7 7. Be2 O-O 8. O-O
Ne4 9. Nxe4 fxe4 10. Nd2 Bf6 11. Qb3 Qe7 12. f3 exf3 13. Nxf3 Nd7 14. Bg3 g5
15. h3 b6 16. cxd5 exd5 17. Rae1 Qg7 18. e4 Bxd4+ 19. Nxd4 Qxd4+ 20. Bf2 Rxf2
21. Rxf2 Nc5 22. Qf3 Be6 23. Rd1 Qxe4 24. Qg3 Qg6 25. Bd3 Nxd3 26. Rxd3 Re8 27.
Rdf3 g4 28. Rf6 Qe4 29. Qd6 h5 30. Rf8+ Rxf8 31. Rxf8+ 1-0

[Event "VIII Open A"]
[Site "Bergamo ITA"]
[Date "2009.07.17"]
[Round "1"]
[White "Zanetti, Alberto"]
[Black "Solodovnichenko, Yuri"]
[Result "0-1"]
[WhiteElo "2190"]
[BlackElo "2596"]
[PlyCount "42"]
[EventDate "2009.07.17"]

1. e4 g6 2. d4 Bg7 3. Nc3 d6 4. Be3 a6 5. a4 Nf6 6. f3 O-O 7. Qd2 Nc6 8. Bc4 e6
9. Ba2 Bd7 10. Nge2 Qb8 11. O-O b5 12. e5 dxe5 13. dxe5 Nxe5 14. Bd4 Nc6 15.
Bc5 Rd8 16. axb5 axb5 17. Bb3 Rxa1 18. Rxa1 Be8 19. Qe3 Nd7 20. Nd4 Nxc5 21.
Nxc6 Bxc6 0-1

[Event "VIII Open A"]
[Site "Bergamo ITA"]
[Date "2009.07.17"]
[Round "2"]
[White "Arnaudov, G. Petar"]
[Black "Bolico, Exfelicos"]
[Result "1-0"]
[WhiteElo "2443"]
[BlackElo "2190"]
[PlyCount "57"]
[EventDate "2009.07.17"]

1. d4 Nf6 2. c4 g6 3. Nc3 Bg7 4. e4 d6 5. h3 O-O 6. Nf3 e5 7. dxe5 dxe5 8. Qxd8
Rxd8 9. Bg5 Re8 10. Nd5 Nxd5 11. cxd5 c6 12. Bc4 h6 13. Be3 Bd7 14. O-O cxd5
15. Bxd5 Nc6 16. Rfd1 Rad8 17. Rd2 Be6 18. Bxe6 Rxe6 19. Rxd8+ Nxd8 20. Bxa7
Ra6 21. Be3 Nc6 22. a3 Ra4 23. Nd2 Nd4 24. Kf1 b5 25. Rc1 g5 26. Rc8+ Bf8 27.
Bxd4 exd4 28. Ke2 Kg7 29. Kd3 1-0

[Event "VIII Open A"]
[Site "Bergamo ITA"]
[Date "2009.07.17"]
[Round "2"]
[White "Bojkov, Dejan"]
[Black "Molina, Fabrizio"]
[Result "1-0"]
[WhiteElo "2521"]
[BlackElo "2245"]
[PlyCount "49"]
[EventDate "2009.07.17"]

1. e4 d6 2. d4 Nf6 3. Nc3 e5 4. Nf3 Nbd7 5. Bc4 Be7 6. O-O O-O 7. a4 c6 8. Re1
b6 9. Ba2 a6 10. h3 Bb7 11. dxe5 dxe5 12. Nh4 b5 13. Nf5 Bc5 14. Qf3 Bd4 15.
Bh6 g6 16. Rad1 gxf5 17. Qg3+ Ng4 18. hxg4 f4 19. Qh3 Qe7 20. Ne2 Bb6 21. Qh5
Nc5 22. Bg5 Qc7 23. Bf6 Nxe4 24. Nd4 Qd6 25. Bxe5 1-0

[Event "VIII Open A"]
[Site "Bergamo ITA"]
[Date "2009.07.17"]
[Round "2"]
[White "Castrogiovanni, Carlo"]
[Black "Lalic, Bogdan"]
[Result "0-1"]
[WhiteElo "2020"]
[BlackElo "2517"]
[PlyCount "66"]
[EventDate "2009.07.17"]

1. d4 e6 2. c4 c5 3. Nf3 cxd4 4. Nxd4 Nc6 5. e4 Bb4+ 6. Nc3 Qa5 7. Ndb5 Nf6 8.
Bd2 a6 9. a3 axb5 10. cxb5 Ne7 11. Rc1 Bxc3 12. Bxc3 Qa4 13. Qxa4 Rxa4 14. Bd3
Nxe4 15. b3 Nxc3 16. bxa4 Nxa4 17. Bc2 Nc5 18. Bxh7 d6 19. Bc2 Bd7 20. a4 Nd5
21. O-O Ke7 22. Rfd1 Ra8 23. Rd4 Nc3 24. Bd1 Nxd1 25. Rcxd1 d5 26. Re1 Kd6 27.
Rh4 Rxa4 28. Rh7 Rg4 29. f3 Rg6 30. Rb1 e5 31. h4 Bf5 32. Ra1 Rxg2+ 33. Kxg2
Bxh7 0-1

[Event "VIII Open A"]
[Site "Bergamo ITA"]
[Date "2009.07.17"]
[Round "2"]
[White "D'Alessio, Angelo"]
[Black "Kimbin, Richard Conrod"]
[Result "0-1"]
[WhiteElo "2044"]
[BlackElo "1907"]
[PlyCount "44"]
[EventDate "2009.07.17"]

1. e4 c5 2. Nf3 d6 3. d4 cxd4 4. Nxd4 Nf6 5. Nc3 g6 6. Be3 Bg7 7. Qd2 Ng4 8.
Bg5 h6 9. Bh4 Nc6 10. Nxc6 bxc6 11. Bc4 O-O 12. O-O a5 13. a4 Rb8 14. Bb3 Be6
15. Bxe6 fxe6 16. b3 g5 17. Bg3 Qb6 18. Rad1 Qb4 19. Nb1 Qxe4 20. Rfe1 Qf5 21.
h3 Ne5 22. Qxa5 Nf3+ 0-1

[Event "VIII Open A"]
[Site "Bergamo ITA"]
[Date "2009.07.17"]
[Round "2"]
[White "Damia, Angelo"]
[Black "Rusev, Krasimir"]
[Result "0-1"]
[WhiteElo "2291"]
[BlackElo "2543"]
[PlyCount "130"]
[EventDate "2009.07.17"]

1. e4 e6 2. d4 d5 3. Nc3 Bb4 4. exd5 exd5 5. Qf3 Ne7 6. Bg5 f6 7. Bf4 Bf5 8.
Qg3 O-O 9. Bxc7 Qd7 10. Bxb8 Raxb8 11. Bd3 Bd6 12. Bxf5 Nxf5 13. Qd3 Bb4 14.
O-O-O Bxc3 15. Qxc3 b5 16. Ne2 b4 17. Qh3 Rfd8 18. Ng3 Nd6 19. Qxd7 Rxd7 20.
Rhe1 Kf7 21. Nf1 a5 22. Ne3 Nb5 23. Rd3 a4 24. a3 bxa3 25. bxa3 Nc7 26. Nd1 Nb5
27. Nb2 Ra7 28. Kd2 Nxa3 29. Rxa3 Rxb2 30. Kc3 Rb6 31. Rea1 Rc6+ 32. Kd3 Rc4
33. Rb1 Ke6 34. Rb6+ Kd7 35. c3 Kc7 36. Rb5 Kc6 37. Rb8 Kc7 38. Rb5 Kd6 39.
Rb6+ Rc6 40. Rb4 Rca6 41. Rb5 Ke6 42. c4 dxc4+ 43. Kxc4 Rc6+ 44. Rc5 Kd6 45.
Re3 a3 46. Rxc6+ Kxc6 47. Re6+ Kd7 48. Re1 Kd6 49. Kb3 Kd5 50. Ra1 a2 51. Kb2
g5 52. Kc3 h6 53. Kd3 Ra3+ 54. Kc2 h5 55. Kb2 Ra8 56. Kc3 h4 57. Kd3 g4 58. Kc3
h3 59. gxh3 gxh3 60. Kd3 Ra3+ 61. Kc2 Kxd4 62. Kb2 Ra6 63. Rd1+ Ke4 64. Ka1 Kf3
65. Rd3+ Kg2 0-1